[Event "Altea Cap Negret op 50+ 1st"]
[Site "Altea"]
[Date "2023.11.18"]
[Round "8"]
[White "Madina Yadarola, Martin"]
[Black "Pastor Pons, Pedro Maria"]
[Result "1-0"]
[WhiteElo "2093"]
[BlackElo "2081"]
[PlyCount "83"]
[EventDate "2023.11.12"]
[EventType "swiss"]
[EventRounds "8"]
[EventCountry "ESP"]
[SourceTitle "CB49_2023"]
[SourceDate "2023.12.06"]
[SourceVersion "1"]
[SourceVersionDate "2023.12.06"]
[SourceQuality "1"]

1. e4 d6 2. d4 Nf6 3. Nc3 c6 4. f4 Qa5 5. Bd3 e5 6. Nf3 Nbd7 7. a3 Be7 8. b4 Qc7 9. 0-0 0-0 10. Kh1 a5 11. Rb1 Re8 12. Be3 Bf8 13. dxe5 dxe5 14. f5 axb4 15. axb4 b6 16. Qe2 Bb7 17. Bd2 Rec8 18. Bc4 h6 19. Rg1 Ne8 20. g4 Nd6 21. g5 Nxc4 22. Qxc4 b5 23. Qe2 hxg5 24. Rxg5 Qd6 25. Rbg1 c5 26. Qg2 g6 27. Qh3 Bg7 28. fxg6 f6 29. Qh7+ Kf8 30. Rh5 Qe6 31. Bh6 Qg8 32. Bxg7+ Qxg7 33. Qxg7+ Kxg7 34. Rh7+ Kg8 35. Rxd7 Bc6 36. Rd6 cxb4 37. Nd5 Bxd5 38. exd5 Rxc2 39. Rxf6 Rf2 40. g7 e4 41. Rh6 Kf7 42. Rh8 1-0

[Event "Mendoza ITT"]
[Site "Mendoza"]
[Date "2020.01.30"]
[Round "8"]
[White "Claverie, Raul Ricardo"]
[Black "Madina Yadarola, Martin"]
[Result "1/2-1/2"]
[WhiteElo "2436"]
[BlackElo "2165"]
[PlyCount "99"]
[EventDate "2020.01.26"]
[EventType "tourn"]
[EventRounds "9"]
[EventCountry "ARG"]
[SourceTitle "CBM 195 Extra"]
[Source "ChessBase"]
[SourceDate "2020.05.31"]
[SourceVersion "1"]
[SourceVersionDate "2020.05.31"]
[SourceQuality "1"]

1. e4 c6 2. d3 e5 3. Nf3 Nf6 4. Nbd2 Qc7 5. g3 d5 6. Bg2 Bd6 7. 0-0 0-0 8. Re1 Re8 9. Nh4 g6 10. Nf1 d4 11. Bg5 Nfd7 12. Qd2 f6 13. Bh6 Bf8 14. c3 c5 15. Rac1 Qd6 16. Bf3 Bxh6 17. Qxh6 Nf8 18. Bd1 Be6 19. Ba4 Re7 20. c4 Bd7 21. Bd1 Nc6 22. a3 Nd8 23. b4 Nf7 24. Qd2 Ne6 25. Rb1 b6 26. Ng2 Kh8 27. f4 Ng7 28. bxc5 Qxc5 29. Qb4 Rc8 30. Nd2 Bh3 31. Qxc5 Rxc5 32. fxe5 fxe5 33. Nh4 Ng5 34. a4 N7e6 35. Nb3 Rc6 36. Be2 Nc5 37. Nxc5 Rxc5 38. Bd1 Kg7 39. Rb2 Rf7 40. Rb5 Rfc7 41. Be2 Bd7 42. Rb4 R7c6 43. Ra1 Kf6 44. Rf1+ Ke7 45. Bd1 Ra5 46. Rb5 Rc5 47. Rb4 Rc6 48. Rb5 Rc5 49. Rb4 Rc6 50. Rb5 1/2-1/2

[Event "Mendoza ITT"]
[Site "Mendoza"]
[Date "2020.01.27"]
[Round "3"]
[White "Luconi, Cristian"]
[Black "Madina Yadarola, Martin"]
[Result "1-0"]
[WhiteElo "2266"]
[BlackElo "2165"]
[PlyCount "75"]
[EventDate "2020.01.26"]
[EventType "tourn"]
[EventRounds "9"]
[EventCountry "ARG"]
[SourceTitle "CBM 195 Extra"]
[Source "ChessBase"]
[SourceDate "2020.05.31"]
[SourceVersion "1"]
[SourceVersionDate "2020.05.31"]
[SourceQuality "1"]

1. d4 d6 2. Nf3 Bg4 3. e4 e6 4. Nc3 Nd7 5. Be2 c6 6. 0-0 d5 7. Ng5 Bxe2 8. Qxe2 Be7 9. f4 Nh6 10. Nh3 dxe4 11. Nxe4 Nf5 12. c3 h5 13. Nhg5 Nf8 14. Be3 f6 15. Nh3 Qd5 16. Bf2 Rd8 17. b3 Kf7 18. Rad1 Qa5 19. Rd3 Qc7 20. Rfd1 h4 21. c4 Ng6 22. Re1 Qd7 23. Red1 Qc7 24. Qf3 Qc8 25. Nc3 Bb4 26. Ne4 Be7 27. Be1 Rd7 28. Bc3 b5 29. Nhf2 Rhd8 30. Qh5 Rh8 31. Qg4 Nh6 32. Qf3 Nf5 33. g4 hxg3 34. hxg3 Qc7 35. d5 exd5 36. cxd5 Nxg3 37. d6 Bxd6 38. Nxd6+ 1-0

[Event "Mendoza ITT"]
[Site "Mendoza"]
[Date "2020.01.26"]
[Round "1"]
[White "Jimenez, Jose Mauricio"]
[Black "Madina Yadarola, Martin"]
[Result "1/2-1/2"]
[WhiteElo "2229"]
[BlackElo "2165"]
[PlyCount "52"]
[EventDate "2020.01.26"]
[EventType "tourn"]
[EventRounds "9"]
[EventCountry "ARG"]
[SourceTitle "CBM 195 Extra"]
[Source "ChessBase"]
[SourceDate "2020.05.31"]
[SourceVersion "1"]
[SourceVersionDate "2020.05.31"]
[SourceQuality "1"]

1. c4 e6 2. g3 d5 3. Bg2 Nf6 4. Nf3 Be7 5. Qc2 0-0 6. d3 a5 7. Nc3 Na6 8. a3 Nc5 9. Be3 c6 10. h3 Ncd7 11. Rc1 Bd6 12. 0-0 Qe7 13. Nh4 Re8 14. cxd5 Nxd5 15. Nxd5 cxd5 16. Qa4 Ne5 17. Bg5 Qd7 18. Qc2 Nc6 19. Be3 a4 20. Bc5 Ra5 21. Be3 Ra6 22. Nf3 Qe7 23. d4 Bd7 24. Bf4 Na5 25. Bxd6 Qxd6 26. Nd2 Rc6 1/2-1/2

[Event "Buenos Aires Argentino CC 114th"]
[Site "Buenos Aires"]
[Date "2020.01.13"]
[Round "1"]
[White "Madina Yadarola, Martin"]
[Black "Manzone, Alessandro Jr"]
[Result "1-0"]
[WhiteElo "2165"]
[BlackElo "2386"]
[PlyCount "61"]
[EventDate "2020.01.13"]
[EventType "tourn"]
[EventRounds "9"]
[EventCountry "ARG"]
[SourceTitle "CBM 194 Extra"]
[Source "ChessBase"]
[SourceDate "2020.03.31"]
[SourceVersion "1"]
[SourceVersionDate "2020.03.31"]
[SourceQuality "1"]

1. d4 Nf6 2. c4 e6 3. g3 d5 4. Nf3 Be7 5. Bg2 0-0 6. 0-0 dxc4 7. Qc2 a6 8. a4 Bd7 9. Ne5 Bc6 10. Nxc6 Nxc6 11. e3 Na5 12. Nd2 c5 13. dxc5 Rc8 14. b4 cxb3 15. Nxb3 Nd5 16. Ba3 b5 17. axb5 axb5 18. Rfd1 Bf6 19. e4 Nxb3 20. Qxb3 Bxa1 21. exd5 Qf6 22. d6 Bd4 23. c6 Rfd8 24. Qf3 Qe5 25. Qf4 Qxf4 26. gxf4 Bb6 27. Rb1 Ra8 28. Rxb5 Rxa3 29. Rxb6 Ra1+ 30. Bf1 Rda8 31. c7 1-0

[Event "ARG-ch sf Amateur sf 20"]
[Site "Villaguay"]
[Date "2019.12.06"]
[Round "1.5"]
[White "Kalala, Daniel"]
[Black "Madina Yadarola, Martin"]
[Result "0-1"]
[WhiteElo "1555"]
[BlackElo "2172"]
[PlyCount "45"]
[EventDate "2019.12.06"]
[EventType "swiss"]
[EventRounds "6"]
[EventCountry "ARG"]
[SourceTitle "EXT 2024"]
[Source "ChessBase"]
[SourceDate "2023.10.10"]
[SourceVersion "1"]
[SourceVersionDate "2023.10.10"]
[SourceQuality "1"]

1. e4 c5 2. Nf3 e6 3. Bc4 a6 4. c3 b5 5. Bb3 Bb7 6. Qe2 Nf6 7. d3 d6 8. 0-0 Nbd7 9. Nbd2 Be7 10. d4 c4 11. Bc2 e5 12. b3 cxb3 13. axb3 0-0 14. c4 Re8 15. dxe5 dxe5 16. cxb5 axb5 17. Bb2 Qc7 18. Bd3 b4 19. Rfc1 Bc5 20. Bb5 Ra7 21. Bxd7 Nxd7 22. Nc4 Ba6 23. Rc2 0-1

[Event "Gibraltar Challengers-B"]
[Site "Caleta"]
[Date "2018.01.31"]
[Round "5"]
[White "Madina Yadarola, Martin"]
[Black "Plotkin, Victor"]
[Result "1-0"]
[WhiteElo "2167"]
[BlackElo "2242"]
[PlyCount "147"]
[EventDate "2018.01.27"]
[EventType "swiss"]
[EventRounds "5"]
[EventCountry "GGB"]
[SourceTitle "EXT 2019"]
[Source "ChessBase"]
[SourceDate "2018.10.10"]
[SourceVersion "1"]
[SourceVersionDate "2018.10.10"]
[SourceQuality "1"]

1. c4 Nf6 2. Nc3 e6 3. Nf3 d5 4. e3 Be7 5. b3 0-0 6. Be2 b6 7. 0-0 Bb7 8. Bb2 Nbd7 9. d4 c5 10. Rc1 Rc8 11. cxd5 exd5 12. Rc2 Qc7 13. Qa1 Qb8 14. Rd1 Rfd8 15. Ne5 cxd4 16. exd4 Nf8 17. Bd3 Ng6 18. Ne2 Rxc2 19. Bxc2 Ne4 20. f3 Nd6 21. Bd3 Rc8 22. g3 Rc7 23. Rc1 Qc8 24. Rxc7 Qxc7 25. Qc1 Qxc1+ 26. Bxc1 Nf8 27. Ba3 f6 28. Ng4 Kf7 29. Ne3 Ne6 30. h4 g6 31. Kf1 f5 32. f4 h5 33. Ke1 Ke8 34. Bxd6 Bxd6 35. Nc2 Ke7 36. Kf2 Ng7 37. Ng1 Kf6 38. Nf3 Be7 39. Bb5 a6 40. Bd3 Ne8 41. Ne5 Bd8 42. a4 Nd6 43. Nb4 a5 44. Nc2 Nf7 45. Bb5 Nd6 46. Bd3 Nf7 47. Na3 Nxe5 48. fxe5+ Kf7 49. Kf3 Bc8 50. Nb5 Bd7 51. Nc3 Ke6 52. Ne2 Bc6 53. Nf4+ Kf7 54. Bb5 Bb7 55. Bd7 Be7 56. Be6+ Kg7 57. Bxd5 Bc8 58. Bc6 Bb4 59. d5 Bc3 60. d6 Bxe5 61. d7 Bxd7 62. Bxd7 Kf7 63. Ke3 Bd6 64. Kd4 Bc5+ 65. Ke5 Bf2 66. Ne2 Be1 67. Bc6 Bf2 68. Bd5+ Kg7 69. Kf4 Bc5 70. Nc3 Bd6+ 71. Kf3 Bc5 72. Bc6 Bd4 73. Ne2 Bc5 74. Be8 1-0

[Event "Gibraltar Challengers-A"]
[Site "Caleta"]
[Date "2018.01.25"]
[Round "4"]
[White "Villar Reymundo, Juan Antonio"]
[Black "Madina Yadarola, Martin"]
[Result "0-1"]
[WhiteElo "2121"]
[BlackElo "2167"]
[PlyCount "94"]
[EventDate "2018.01.22"]
[EventType "swiss"]
[EventRounds "5"]
[EventCountry "GGB"]
[SourceTitle "EXT 2019"]
[Source "ChessBase"]
[SourceDate "2018.10.10"]
[SourceVersion "1"]
[SourceVersionDate "2018.10.10"]
[SourceQuality "1"]

1. d4 Nf6 2. c4 g6 3. g3 Bg7 4. Bg2 0-0 5. Nc3 d6 6. Nf3 Nbd7 7. 0-0 e5 8. h3 c6 9. e4 Qb6 10. c5 dxc5 11. dxe5 Ne8 12. e6 fxe6 13. Ng5 Ne5 14. Na4 Qb5 15. f4 Nf7 16. Nf3 e5 17. Qc2 Be6 18. Rd1 c4 19. Be3 exf4 20. Nc5 Bc8 21. gxf4 Ned6 22. Rd2 b6 23. Na4 Nxe4 24. Nd4 Bxd4 25. Rxd4 Ned6 26. Bf2 Bf5 27. Qd1 Bd3 28. b3 Rad8 29. bxc4 Bxc4 30. Bh4 g5 31. Bxg5 Nxg5 32. fxg5 Nf7 33. g6 hxg6 34. Rxd8 Rxd8 35. Qc2 Rd6 36. Nc3 Qc5+ 37. Kh1 Bd5 38. Bxd5 cxd5 39. Rg1 Kg7 40. Qd3 Qc4 41. Qg3 Rf6 42. Nd1 Qe4+ 43. Kh2 Ne5 44. Nf2 Nf3+ 45. Kg2 Nh4+ 46. Kh2 Qe2 47. Qxh4 Rxf2+ 0-1

[Event "Madrid-ch"]
[Site "Madrid"]
[Date "2017.06.06"]
[Round "2"]
[White "Moreno Ruiz, Javier"]
[Black "Madina Yadarola, Martin"]
[Result "1-0"]
[WhiteElo "2447"]
[BlackElo "2215"]
[PlyCount "107"]
[EventDate "2017.06.05"]
[EventType "swiss"]
[EventRounds "7"]
[EventCountry "ESP"]
[SourceTitle "CBM 179 Extra"]
[Source "ChessBase"]
[SourceDate "2017.08.23"]
[SourceVersion "1"]
[SourceVersionDate "2017.08.23"]
[SourceQuality "1"]

1. d4 Nf6 2. c4 g6 3. Nc3 Bg7 4. e4 d6 5. Be2 0-0 6. Nf3 e5 7. d5 a5 8. Bg5 h6 9. Bh4 g5 10. Bg3 Nh5 11. h4 Nf4 12. hxg5 hxg5 13. Kf1 f5 14. exf5 Bxf5 15. Nd2 e4 16. Bxf4 Bxc3 17. Be3 Bf6 18. Nb3 Nd7 19. Nd4 Bxd4 20. Qxd4 Ne5 21. Rh5 Nf7 22. Ke1 Bg6 23. Rh3 Ne5 24. Rg3 Rf5 25. Kd2 c5 26. Qc3 Qf6 27. Rh1 a4 28. Kd1 a3 29. bxa3 Kg7 30. Qb2 Nf7 31. Kc2 Re8 32. Qxf6+ Rxf6 33. Kb3 Ra8 34. a4 Ra6 35. a3 Rb6+ 36. Kc3 Ra6 37. Bd1 Rf5 38. Bc2 Re5 39. Rb1 Ra7 40. Rb6 Kh6 41. Rh3+ Kg7 42. Rh1 Re7 43. Rhb1 Rc7 44. R1b5 Kh6 45. a5 Kh5 46. a4 Bf5 47. a6 bxa6 48. Ra5 Bc8 49. Bxe4 Re7 50. f3 Rac7 51. Bf2 Re8 52. g4+ Kh6 53. Rxc5 Rxc5 54. Bxc5 1-0

[Event "Gibraltar Challenger op-B"]
[Site "Caleta"]
[Date "2017.01.30"]
[Round "3"]
[White "Madina Yadarola, Martin"]
[Black "Gluckman, Paul"]
[Result "1-0"]
[WhiteElo "2214"]
[BlackElo "1831"]
[PlyCount "63"]
[EventDate "2017.01.28"]
[EventType "swiss"]
[EventRounds "5"]
[EventCountry "GGB"]
[SourceTitle "EXT 2018"]
[Source "ChessBase"]
[SourceDate "2017.10.13"]
[SourceVersion "1"]
[SourceVersionDate "2017.10.13"]
[SourceQuality "1"]

1. Nf3 Nf6 2. c4 g6 3. Nc3 d5 4. cxd5 Nxd5 5. Qa4+ Bd7 6. Qb3 Nb6 7. d4 Bg7 8. e4 Bg4 9. d5 0-0 10. a4 N8d7 11. Be3 Nc8 12. Nd2 Ne5 13. f4 Bh6 14. h3 Bh5 15. g4 Bxg4 16. hxg4 Nxg4 17. Nd1 Bg7 18. Bg1 Re8 19. Ne3 Nxe3 20. Bxe3 Nd6 21. Bh3 c6 22. dxc6 bxc6 23. e5 Nf5 24. Bxf5 gxf5 25. e6 f6 26. 0-0-0 Rb8 27. Qc4 Qa5 28. Nb3 Qb4 29. Qxb4 Rxb4 30. Nc5 Reb8 31. b3 Rc8 32. Rd7 1-0

[Event "Gibraltar Challenger op-A"]
[Site "Caleta"]
[Date "2017.01.27"]
[Round "5"]
[White "Madina Yadarola, Martin"]
[Black "Renteria Becerra, Jorge Elicer"]
[Result "1-0"]
[WhiteElo "2214"]
[BlackElo "2242"]
[PlyCount "53"]
[EventDate "2017.01.23"]
[EventType "swiss"]
[EventRounds "5"]
[EventCountry "GGB"]
[SourceTitle "CBM 176 Extra"]
[Source "ChessBase"]
[SourceDate "2017.03.02"]
[SourceVersion "1"]
[SourceVersionDate "2017.03.02"]
[SourceQuality "1"]

1. d4 Nf6 2. c4 c5 3. d5 b5 4. cxb5 a6 5. bxa6 g6 6. Nc3 Bxa6 7. e4 Bxf1 8. Kxf1 d6 9. g3 Bg7 10. Kg2 0-0 11. Nf3 Nbd7 12. Bd2 Qa5 13. Qc2 Rfb8 14. a4 Qb4 15. Rhb1 Qb3 16. Qxb3 Rxb3 17. Ra2 c4 18. a5 Nc5 19. e5 dxe5 20. Nxe5 Nxd5 21. Nxd5 Bxe5 22. Rc1 Rb5 23. Rxc4 Bxb2 24. Nc7 Be5 25. Nd5 Nb3 26. Nxe7+ Kf8 27. Bb4 1-0

[Event "Benidorm op U2300 15th"]
[Site "Benidorm"]
[Date "2016.12.08"]
[Round "8"]
[White "Madina Yadarola, Martin"]
[Black "De la Cruz Sanchez, Carlos Gustavo"]
[Result "1/2-1/2"]
[WhiteElo "2209"]
[BlackElo "2250"]
[PlyCount "57"]
[EventDate "2016.12.02"]
[EventType "swiss"]
[EventRounds "10"]
[EventCountry "ESP"]
[SourceTitle "EXT 2019"]
[Source "ChessBase"]
[SourceDate "2018.10.10"]
[SourceVersion "1"]
[SourceVersionDate "2018.10.10"]
[SourceQuality "1"]

1. e4 c5 2. Nf3 d6 3. c3 Nf6 4. Bd3 g6 5. Bc2 Bg7 6. h3 0-0 7. 0-0 Nc6 8. d3 e5 9. d4 exd4 10. cxd4 cxd4 11. Nxd4 Nxd4 12. Qxd4 Re8 13. Qa4 Bd7 14. Qb4 a5 15. Qxd6 Bb5 16. Qxd8 Raxd8 17. Re1 Nxe4 18. Na3 Bc6 19. Nc4 a4 20. Na5 Nd6 21. Bg5 Rxe1+ 22. Rxe1 Re8 23. Rxe8+ Bxe8 24. Bf4 b6 25. Bxd6 bxa5 26. Ba3 Bb5 27. g3 Bd4 28. Kg2 f5 29. b3 1/2-1/2

[Event "Benidorm op U2300 14th"]
[Site "Benidorm"]
[Date "2015.12.02"]
[Round "5"]
[White "Nieves Cabanes, Jose Manuel"]
[Black "Madina Yadarola, Martin"]
[Result "1/2-1/2"]
[WhiteElo "2191"]
[BlackElo "2237"]
[PlyCount "89"]
[EventDate "2015.11.28"]
[EventType "swiss"]
[EventRounds "10"]
[EventCountry "ESP"]
[SourceTitle "CBM 169 Extra"]
[Source "ChessBase"]
[SourceDate "2015.12.18"]
[SourceVersion "1"]
[SourceVersionDate "2015.12.18"]
[SourceQuality "1"]

1. d4 Nf6 2. c4 g6 3. Nc3 Bg7 4. e4 d6 5. Nf3 0-0 6. Be2 e5 7. 0-0 Nc6 8. Be3 Ng4 9. Bg5 f6 10. Bh4 g5 11. Bg3 Nh6 12. d5 Nd4 13. Nxd4 exd4 14. Nb5 f5 15. f3 d3 16. Qxd3 Bxb2 17. Rab1 Bg7 18. Rfc1 b6 19. Nd4 f4 20. Bf2 Nf7 21. Nc6 Ne5 22. Nxd8 Nxd3 23. Bxd3 Rxd8 24. g3 Be5 25. Kf1 h5 26. Ke2 Kf7 27. Rg1 g4 28. gxf4 Bxf4 29. Bg3 Bxg3 30. hxg3 gxf3+ 31. Kxf3 Bg4+ 32. Ke3 Kg7 33. Rbf1 Rf8 34. Rf4 Rf6 35. Rgf1 Raf8 36. Bc2 R8f7 37. R1f2 Rf8 38. Bd3 R8f7 39. Be2 Bxe2 40. Kxe2 Kg6 41. Ke3 Kg5 42. a4 a6 43. Rf1 Rf8 44. R1f2 R8f7 45. Rf1 1/2-1/2